000 00771nam a22002657a 4500
003 0
005 20180725122701.0
008 0
010 _aA-947490
020 _a8176210226
_c125.00
035 _aA-947490 , A-947500
037 _bCen Lib/Ret
040 _adpl
_bEN
_c0
082 _a615.532
100 _aDancu,David
_919402
245 _aHomeopathic remedies /
_cby David Dancu
260 _aNew Delhi
_bFull Circle
_c1998
270 _a18-19,Dishad Garden,G.T. Road
_bNew Delhi
_e110095
300 _a223p.
_c20cm(pbk)
490 _aRadiant health series
500 _aIncludes bibliographical reference
650 _aMedicine-Homeopathy
_9104402
650 _aCommon diseases-Homeopathy Cure
_9104403
942 _2ddc
_cEN
_h615.532
_mDAN
999 _c122473
_d122473